عرض عادي
عرض مارك
- Antiviral Agents.
مدخل مصطلح موضوعي
001 - رقم الضبط
- حقل الضبط: 19315
003 - معرف رقم الضبط
- حقل الضبط: OSt
005 - تاريخ ووقت أخر عملية
- حقل الضبط: 20121230175520.0
008 - عناصر بيانات ثابتة الطول
- حقل تحكم ثابت الطول: 121230|||a|||||| | ||| d
040 ## - مصدر الفهرسة
- هيئة الفهرسة الأصلية: OSt
- وكالة الكتابة: OSt
150 ## - مدخل-- مصطلح تاريخي
- عنصر مدخل المصطلح الموضوعي او الاسم الجغرافي: Antiviral Agents.
670 ## - بيانات المصدر موجوده
- الاستشهاد بالمصدر: Work cat.: (OSt)0: Harper, D. R. (David R.) 19312, Viruses :, c2012.
